[Event "XXVIII Festival Conca della Presolana 1N"]
[Site "Bratto - Castione della Presolana ITA"]
[Date "2008.08.25"]
[Round "3"]
[White "Cavaliere, Simone"]
[Black "Autino, Massimiliano"]
[Result "0-1"]
[WhiteElo "1876"]
[BlackElo "1809"]
[PlyCount "72"]
[EventDate "2008.08.23"]

1. e4 d5 2. exd5 Qxd5 3. Nc3 Qd6 4. d4 Nf6 5. g3 Bg4 6. Qd3 c6 7. Bf4 Qd8 8.
Bg2 e6 9. Nf3 Bd6 10. Ne5 Bf5 11. Qe2 O-O 12. Rd1 Qc7 13. O-O Nbd7 14. Rfe1 Nd5
15. Bc1 Nxc3 16. bxc3 Nxe5 17. dxe5 Be7 18. h4 Rad8 19. h5 h6 20. g4 Bh7 21. f4
Rxd1 22. Rxd1 Rd8 23. Rf1 Qa5 24. Bd2 Qxa2 25. f5 Qxc2 26. Rd1 Bc5+ 27. Kf1 Be3
28. Ke1 Bxd2+ 29. Rxd2 Qxd2+ 30. Qxd2 Rxd2 31. Kxd2 exf5 32. gxf5 Bxf5 33. Bf3
Kf8 34. Ke3 Ke7 35. Kd4 Ke6 36. Bd1 c5+ 0-1

[Event "XXVIII Festival Conca della Presolana 1N"]
[Site "Bratto - Castione della Presolana ITA"]
[Date "2008.08.25"]
[Round "3"]
[White "Crimi, Alessandro"]
[Black "Villalba, Fernando"]
[Result "0-1"]
[WhiteElo "1904"]
[BlackElo "1847"]
[PlyCount "76"]
[EventDate "2008.08.23"]

1. d4 Nf6 2. c4 e6 3. Nc3 b6 4. e4 Bb4 5. Bd3 Bb7 6. f3 d6 7. Nge2 c5 8. a3
Bxc3+ 9. bxc3 h6 10. O-O O-O 11. Qc2 Nbd7 12. f4 d5 13. cxd5 exd5 14. e5 Ne4
15. f5 cxd4 16. Bxe4 dxe4 17. cxd4 Qc8 18. Qd2 Qc6 19. Qe3 Ba6 20. f6 g5 21.
Rf5 Rfc8 22. a4 Bxe2 23. Ba3 Qc3 24. Rxg5+ Kh8 25. Qxc3 Rxc3 26. Rg7 Bc4 27.
Bc1 e3 28. Rg3 e2 29. Bxh6 Rxg3 30. hxg3 Kh7 31. Bf4 Rc8 32. Kf2 Nf8 33. Rh1+
Kg8 34. Rc1 Ba6 35. Rxc8 Bxc8 36. Kxe2 Ne6 37. Be3 Bb7 38. Kf2 38... Bd5 {...}
0-1

[Event "XXVIII Festival Conca della Presolana 1N"]
[Site "Bratto - Castione della Presolana ITA"]
[Date "2008.08.25"]
[Round "3"]
[White "Dritsakos, Alessio"]
[Black "Litrico, Paolo"]
[Result "1-0"]
[WhiteElo "1848"]
[BlackElo "1921"]
[PlyCount "149"]
[EventDate "2008.08.23"]

1. e4 c6 2. d4 d5 3. Nc3 dxe4 4. Nxe4 Bf5 5. Ng3 Bg6 6. h4 h6 7. h5 Bh7 8. Nf3
Nd7 9. Bd3 Bxd3 10. Qxd3 e6 11. Bf4 Qa5+ 12. Bd2 Bb4 13. a3 Bxd2+ 14. Nxd2 Ngf6
15. O-O-O Rd8 16. Nge4 O-O 17. g4 Ne5 18. Nxf6+ gxf6 19. Qe3 Nxg4 20. Rdg1 Qg5
21. Qxg5+ fxg5 22. Rxg4 f5 23. Rg3 Rxd4 24. Re3 Re8 25. Nb3 Rf4 26. Rhe1 e5 27.
Rxe5 Rxe5 28. Rxe5 Kf7 29. Nc5 b6 30. Nd3 Rh4 31. Rxf5+ Ke6 32. Rf8 Rxh5 33.
Ra8 Rh1+ 34. Kd2 h5 35. Rxa7 h4 36. Rc7 Kd6 37. Rg7 Rg1 38. Rg6+ Kd5 39. Nf4+
Ke5 40. Nh3 Rh1 41. Nxg5 Kf5 42. Rg7 Rg1 43. Ne6 Rh1 44. Nd4+ Kf6 45. Rg4 h3
46. Rh4 c5 47. Nf3 Kf5 48. b4 cxb4 49. axb4 Rb1 50. Rxh3 Rxb4 51. Rh5+ Kg6 52.
Rh4 Rb1 53. Nd4 Kg5 54. Re4 Kf6 55. Nb3 Rh1 56. Rb4 Ke5 57. Rxb6 Rh2 58. Ke3
Rh4 59. f4+ Kd5 60. Nd2 Rh3+ 61. Nf3 Rh8 62. Rb3 Rc8 63. Rd3+ Ke6 64. Ke4 Rc4+
65. Nd4+ Kf6 66. Kd5 Rc8 67. c4 Rd8+ 68. Ke4 Re8+ 69. Kf3 Rc8 70. Rc3 Rd8 71.
Nb5 Rb8 72. Nc7 Rd8 73. c5 Rd7 74. Nb5 Rb7 75. c6 1-0

[Event "XXVIII Festival Conca della Presolana 1N"]
[Site "Bratto - Castione della Presolana ITA"]
[Date "2008.08.25"]
[Round "3"]
[White "Fasiello, Andrea"]
[Black "Napoli, Ferdinando"]
[Result "1-0"]
[WhiteElo "1879"]
[BlackElo "1829"]
[PlyCount "43"]
[EventDate "2008.08.23"]

1. e4 c5 2. Nf3 d6 3. d4 cxd4 4. Nxd4 Nf6 5. Nc3 a6 6. Bd3 e6 7. Be3 Be7 8. O-O
Qc7 9. f3 Nbd7 10. Qe2 b5 11. a3 Bb7 12. Rad1 O-O 13. Qf2 Rac8 14. Rd2 Rfd8 15.
Rfd1 d5 16. exd5 Bxd5 17. Nxd5 Nxd5 18. Nb3 Nxe3 19. Qxe3 Bd6 20. Bxh7+ Kxh7
21. Rxd6 Nf6 22. Qd3+ 1-0

[Event "XXVIII Festival Conca della Presolana 1N"]
[Site "Bratto - Castione della Presolana ITA"]
[Date "2008.08.25"]
[Round "3"]
[White "Favoni, Matteo"]
[Black "Stella, Luca"]
[Result "1-0"]
[WhiteElo "1941"]
[BlackElo "1894"]
[PlyCount "55"]
[EventDate "2008.08.23"]

1. d4 Nf6 2. c4 e6 3. Nf3 b6 4. a3 Bb7 5. Nc3 Be7 6. d5 d6 7. e4 Nbd7 8. Nd4
Nc5 9. f3 a5 10. Be3 Qd7 11. b4 axb4 12. axb4 Na6 13. Rb1 O-O 14. Bd3 e5 15.
Nf5 Bc8 16. O-O Nh5 17. Ra1 Bb7 18. Qb3 g6 19. Nxe7+ Qxe7 20. Ra2 Qd7 21. Rfa1
Qc8 22. Ra4 Nf6 23. Qa3 Nd7 24. Nb1 Kg7 25. c5 bxc5 26. Bxa6 cxb4 27. Qa2 b3
28. Qa3 1-0

[Event "XXVIII Festival Conca della Presolana 1N"]
[Site "Bratto - Castione della Presolana ITA"]
[Date "2008.08.25"]
[Round "3"]
[White "Franzini, Stefano"]
[Black "Fiorili, Roberto"]
[Result "1/2-1/2"]
[WhiteElo "1860"]
[BlackElo "1918"]
[PlyCount "131"]
[EventDate "2008.08.23"]

1. e4 c5 2. Nf3 d6 3. c3 e5 4. Bc4 h6 5. O-O Nf6 6. d3 Be7 7. Re1 O-O 8. h3 Nc6
9. d4 cxd4 10. cxd4 Qc7 11. d5 Nd4 12. Bb3 Nxf3+ 13. Qxf3 Nh7 14. Nc3 f5 15.
exf5 Bxf5 16. Rxe5 Bc2 17. Qe2 Bf6 18. Re3 Bxb3 19. axb3 Bd4 20. Nb5 Qb6 21.
Nxd4 Qxd4 22. Qd3 Qh4 23. Rg3 Nf6 24. Ra4 Qh5 25. Be3 Rf7 26. Rf4 Raf8 27. Qc4
Qd1+ 28. Kh2 Kh7 29. Bd4 Re7 30. Qd3+ Qxd3 31. Rxd3 a6 32. Bxf6 Rxf6 33. Rxf6
gxf6 34. Re3 Rc7 35. Re6 Rc2 36. Rxd6 Rxb2 37. Rb6 Rd2 38. d6 Kg6 39. Kg3 Kf5
40. Kf3 Ke6 41. Rxb7 Rxd6 42. Ke3 a5 43. Rb5 Ra6 44. Rh5 Rb6 45. Rxa5 Rxb3+ 46.
Kf4 Rb4+ 47. Kg3 Kf7 48. f4 Kg6 49. Kg4 Rb7 50. Kh4 Re7 51. g4 Rd7 52. f5+ Kg7
53. Kh5 Re7 54. h4 Rd7 55. g5 hxg5 56. hxg5 fxg5 57. Kxg5 Kf7 58. Ra8 Kg7 59.
Re8 Rb7 60. Re6 Rc7 61. Rg6+ Kh7 62. Re6 Kg7 63. f6+ Kf7 64. Kf5 Rc5+ 65. Re5
Rxe5+ 66. Kxe5 1/2-1/2

[Event "XXVIII Festival Conca della Presolana 1N"]
[Site "Bratto - Castione della Presolana ITA"]
[Date "2008.08.25"]
[Round "3"]
[White "Gambarino, Federico"]
[Black "Conta, Diego"]
[Result "1-0"]
[WhiteElo "1847"]
[BlackElo "1825"]
[PlyCount "67"]
[EventDate "2008.08.23"]

1. e4 c5 2. Nf3 Nc6 3. d4 cxd4 4. Nxd4 g6 5. c4 Bg7 6. Be3 Nf6 7. f3 d6 8. Nc3
O-O 9. Be2 Bd7 10. Rc1 Re8 11. O-O Qb6 12. Na4 Qd8 13. Nc3 a6 14. Qd2 Rc8 15.
Nb3 Ne5 16. Nd5 Nxd5 17. cxd5 f6 18. Nd4 e6 19. Nxe6 Bxe6 20. dxe6 Rxc1 21.
Rxc1 Rxe6 22. Qd5 Qe7 23. Bb6 Nc6 24. Bc4 Kf7 25. Qd2 Bf8 26. Bxe6+ Kxe6 27. a4
Kf7 28. b4 Qe5 29. Qc3 Qxc3 30. Rxc3 Nxb4 31. Rc7+ Be7 32. Rxb7 Ke6 33. Ra7 Ke5
34. Rxe7+ 1-0

[Event "XXVIII Festival Conca della Presolana 1N"]
[Site "Bratto - Castione della Presolana ITA"]
[Date "2008.08.25"]
[Round "3"]
[White "Guzzetti, Luigi Enrico"]
[Black "Calcagno, Stefano"]
[Result "1-0"]
[WhiteElo "1739"]
[BlackElo "1861"]
[PlyCount "84"]
[EventDate "2008.08.23"]

1. e4 c5 2. Nf3 a6 3. d4 cxd4 4. Nxd4 Nf6 5. Nc3 e5 6. Nb3 Bb4 7. Bd3 d5 8. Qe2
d4 9. a3 Ba5 10. Nxa5 Qxa5 11. b4 Qc7 12. Nd1 h6 13. O-O O-O 14. Bd2 Nc6 15.
Rc1 Be6 16. f4 Bg4 17. Qf2 Bxd1 18. Rcxd1 Rad8 19. Qh4 Nh7 20. Qg3 Rd6 21. Bc4
Kh8 22. Bd5 Rg6 23. Qh4 exf4 24. Bxf4 Qd7 25. Qf2 Nf6 26. Bxc6 Qxc6 27. e5 Ng4
28. Qf3 Qxc2 29. Rxd4 Re8 30. Rd2 Qc7 31. Rd6 Nxe5 32. Bxe5 Rxe5 33. Rdd1 Rxg2+
34. Kxg2 f5 35. Rde1 Rb5 36. Re8+ Kh7 37. Rfe1 Qf7 38. R8e7 Qg6+ 39. Kh1 Qf6
40. Rxb7 Rxb7 41. Qxb7 f4 42. Qe4+ Kg8 1-0

[Event "XXVIII Festival Conca della Presolana 1N"]
[Site "Bratto - Castione della Presolana ITA"]
[Date "2008.08.25"]
[Round "3"]
[White "Lanni, Vincenzo"]
[Black "Caputi, Giuliano"]
[Result "1-0"]
[WhiteElo "1849"]
[BlackElo "1978"]
[PlyCount "109"]
[EventDate "2008.08.23"]

1. d4 d5 2. g3 Nf6 3. Bg2 c6 4. Nf3 Bg4 5. O-O Nbd7 6. c3 e6 7. Nbd2 Bd6 8. Ne1
O-O 9. f3 Bh5 10. Qc2 e5 11. e4 dxe4 12. fxe4 Qc7 13. Nc4 Be7 14. Nf3 Bxf3 15.
Bxf3 b5 16. Nxe5 Nxe5 17. dxe5 Qxe5 18. Bf4 Qc5+ 19. Kg2 Rad8 20. Rad1 Qb6 21.
Rxd8 Rxd8 22. Rd1 c5 23. Be3 Nd7 24. Qf2 Qc7 25. Bf4 Qa5 26. h4 c4 27. Rd5 a6
28. a3 Nf6 29. Rxd8+ Qxd8 30. Qa7 h5 31. Qc7 g6 32. Qxd8+ Bxd8 33. e5 Nd7 34.
Bb7 Nc5 35. Bc8 a5 36. Kf3 b4 37. axb4 axb4 38. cxb4 Nd3 39. b5 Nxb2 40. Be3
Na4 41. Bb7 Bc7 42. Bd5 c3 43. Bb3 Nb6 44. Bd4 Nd7 45. Ke4 Kf8 46. Kd5 Ke7 47.
Bxc3 f6 48. Kc6 Bb8 49. Bb4+ Ke8 50. e6 Ne5+ 51. Kb7 Nd3 52. Kxb8 Nxb4 53. Kc7
Ke7 54. Bc4 g5 55. b6 1-0

[Event "XXVIII Festival Conca della Presolana 1N"]
[Site "Bratto - Castione della Presolana ITA"]
[Date "2008.08.25"]
[Round "3"]
[White "Maccarini, Luca Nicola"]
[Black "Mandolini, Riccardo"]
[Result "1/2-1/2"]
[WhiteElo "1920"]
[BlackElo "1946"]
[PlyCount "68"]
[EventDate "2008.08.23"]

1. d4 d5 2. Nf3 Nf6 3. c4 c6 4. Nc3 e6 5. Bg5 Be7 6. e3 Nbd7 7. Bd3 b6 8. O-O
h6 9. Bh4 O-O 10. Rc1 Bb7 11. cxd5 cxd5 12. Qe2 Rc8 13. Nb5 a6 14. Nc3 b5 15.
a4 b4 16. Na2 Qa5 17. Ne5 Bd6 18. f4 Qxa4 19. Ra1 Qa5 20. Be1 Qb6 21. Nc1 Ra8
22. Nb3 Bxe5 23. fxe5 Ne4 24. Na5 f5 25. Nxb7 Qxb7 26. Rxa6 Rxa6 27. Bxa6 Qb6
28. Bb5 Rd8 29. Bxb4 Nb8 30. Rc1 Qb7 31. Ba3 Rc8 32. Rf1 Qb6 33. Rd1 Qa5 34.
Bd3 Ng5 1/2-1/2

[Event "XXVIII Festival Conca della Presolana 1N"]
[Site "Bratto - Castione della Presolana ITA"]
[Date "2008.08.25"]
[Round "3"]
[White "Morandi, Daniele"]
[Black "Nepi, Ezio"]
[Result "1-0"]
[WhiteElo "1988"]
[BlackElo "1833"]
[PlyCount "59"]
[EventDate "2008.08.23"]

1. e4 e6 2. d4 d5 3. Nd2 c5 4. exd5 exd5 5. Bb5+ Nc6 6. Ngf3 Bd6 7. O-O Nge7 8.
dxc5 Bxc5 9. Nb3 Bd6 10. Nbd4 O-O 11. c3 a6 12. Ba4 Bg4 13. Bg5 Qc7 14. Bxe7
Nxe7 15. Qd3 Rad8 16. h3 Bh5 17. Rfe1 Bg6 18. Qd2 Bf4 19. Rxe7 Bh2+ 20. Nxh2
Qxe7 21. Nhf3 h6 22. Re1 Be4 23. Qf4 Qc5 24. Nd2 Qb6 25. Nxe4 dxe4 26. Bb3 a5
27. Re3 a4 28. Bxa4 Qxb2 29. Rg3 Qxc3 30. Rxc3 1-0

[Event "XXVIII Festival Conca della Presolana 1N"]
[Site "Bratto - Castione della Presolana ITA"]
[Date "2008.08.25"]
[Round "3"]
[White "Nardone, Massimo"]
[Black "Crippa, Mario"]
[Result "1-0"]
[WhiteElo "1884"]
[BlackElo "1833"]
[PlyCount "85"]
[EventDate "2008.08.23"]

1. d4 Nf6 2. Nf3 d5 3. e3 e6 4. Bd3 b6 5. c3 Bb7 6. Nbd2 Bd6 7. O-O Nbd7 8. Re1
Ne4 9. c4 O-O 10. cxd5 exd5 11. b3 f5 12. Bb2 Qe7 13. Rc1 Rac8 14. Qe2 g5 15.
h3 g4 16. hxg4 fxg4 17. Bxe4 dxe4 18. Ne5 Nxe5 19. dxe5 Bxe5 20. Bxe5 Qxe5 21.
Qxg4+ Kh8 22. Nc4 Qf5 23. Qxf5 Rxf5 24. Red1 Rcf8 25. Rc2 Ba6 26. Rd4 Bb7 27.
Rd7 R5f7 28. Rcd2 Ba6 29. Ne5 Rxd7 30. Rxd7 Rc8 31. Ng4 Bb5 32. Re7 Be8 33.
Rxe4 a5 34. Re7 c5 35. Nf6 Bg6 36. e4 b5 37. f4 Rc6 38. Nd5 Kg8 39. Rb7 Kf8 40.
f5 Bf7 41. Rxb5 c4 42. bxc4 Rxc4 43. e5 1-0

[Event "XXVIII Festival Conca della Presolana 1N"]
[Site "Bratto - Castione della Presolana ITA"]
[Date "2008.08.25"]
[Round "3"]
[White "Oteri, Aldo"]
[Black "Villa, Claudio"]
[Result "0-1"]
[WhiteElo "1844"]
[BlackElo "1863"]
[PlyCount "148"]
[EventDate "2008.08.23"]

1. e4 e5 2. Nf3 d6 3. d4 Nd7 4. Bc4 c6 5. O-O Be7 6. c3 Nb6 7. Bb3 Qc7 8. h3
Nf6 9. Re1 O-O 10. Nbd2 h6 11. Nf1 Re8 12. Ng3 Bf8 13. dxe5 dxe5 14. Nh4 Kh7
15. Qf3 Be6 16. Ngf5 Ng8 17. Qg3 g6 18. Bxe6 Rxe6 19. Nd4 Re7 20. Ndf3 Rd8 21.
b3 Bg7 22. Ba3 Red7 23. Bc5 Na8 24. Ba3 Rd3 25. c4 Nb6 26. Bb2 Nd7 27. Rad1
Rxd1 28. Rxd1 Re8 29. Ba3 Re6 30. Nh2 Ngf6 31. Qd3 c5 32. Bb2 Qc6 33. Nf1 Nf8
34. f3 Nh5 35. g3 Bf6 36. Ng2 Re7 37. Nge3 Rd7 38. Nd5 Bg7 39. Kg2 Qe6 40. Nfe3
Nf6 41. Nxf6+ Qxf6 42. Nd5 Qd8 43. f4 f6 44. Qf3 Kh8 45. f5 gxf5 46. Qxf5 Rd6
47. h4 Qd7 48. Qh5 Kg8 49. Bc1 Qf7 50. Qf5 Kh8 51. g4 Qg6 52. Qxg6 Nxg6 53. Kg3
Kg8 54. h5 Nf8 55. Ne7+ Kf7 56. Rxd6 Kxe7 57. Rd5 Nd7 58. Bd2 Bf8 59. b4 b6 60.
a3 Kd8 61. bxc5 bxc5 62. Ba5+ Kc8 63. Kf3 Nb6 64. Bxb6 axb6 65. Ke3 Kc7 66. Kd3
Be7 67. Kc3 Kc6 68. Kb3 Bd6 69. Ka4 Be7 70. Rd3 Bd6 71. Rxd6+ Kxd6 72. Kb5 Kc7
73. Ka6 Kc6 74. Ka7 b5 0-1

[Event "XXVIII Festival Conca della Presolana 1N"]
[Site "Bratto - Castione della Presolana ITA"]
[Date "2008.08.25"]
[Round "3"]
[White "Paganini, Andrea"]
[Black "Cocuzzi, Edoardo"]
[Result "0-1"]
[WhiteElo "1840"]
[BlackElo "1892"]
[PlyCount "52"]
[EventDate "2008.08.23"]

1. e4 e5 2. Nf3 Nc6 3. Bc4 Bc5 4. c3 d6 5. d4 exd4 6. cxd4 Bb6 7. Ng5 Nh6 8.
Nf3 Qf6 9. Bg5 Qg6 10. Bxh6 Qxh6 11. O-O O-O 12. d5 Ne5 13. Nxe5 dxe5 14. Nc3
Kh8 15. Bd3 f5 16. exf5 Bxf5 17. Bxf5 Rxf5 18. Ne4 Raf8 19. Qd3 Rf4 20. Rad1
Qg6 21. Rde1 Rxf2 22. Rxf2 Rxf2 23. Nxf2 Qxd3 24. Rf1 Qxd5 25. Kh1 Bxf2 26. h3
Bc5 0-1

[Event "XXVIII Festival Conca della Presolana 1N"]
[Site "Bratto - Castione della Presolana ITA"]
[Date "2008.08.25"]
[Round "3"]
[White "Quagliarella, Sabino Remo"]
[Black "Sanzani, Pierluigi"]
[Result "1-0"]
[WhiteElo "1925"]
[BlackElo "1853"]
[PlyCount "87"]
[EventDate "2008.08.23"]

1. d4 g6 2. Nf3 Nf6 3. g3 Bg7 4. Bg2 O-O 5. O-O d5 6. Nbd2 c6 7. Re1 Bf5 8. h3
Ne4 9. Nf1 Qc8 10. g4 Be6 11. Ng5 f5 12. f3 Nxg5 13. Bxg5 fxg4 14. hxg4 Qc7 15.
Qd2 Rf7 16. e4 dxe4 17. Rxe4 Bd5 18. Rf4 Rxf4 19. Bxf4 Qb6 20. c3 Nd7 21. Kh2
Rf8 22. Re1 Re8 23. a3 Qd8 24. Ng3 e5 25. Bg5 Bf6 26. Bh6 exd4 27. Rxe8+ Qxe8
28. cxd4 Nb6 29. Ne4 Bg7 30. Bxg7 Kxg7 31. Qf4 Qe7 32. Kg3 Nd7 33. g5 b6 34.
Bh3 Bxe4 35. fxe4 Nf8 36. e5 Kg8 37. Qf6 Qc7 38. Kf4 Qf7 39. e6 Qc7+ 40. Qe5
Qe7 41. Ke4 h5 42. Qf6 Qd6 43. e7 Qd5+ 44. Kf4 1-0

[Event "XXVIII Festival Conca della Presolana 1N"]
[Site "Bratto - Castione della Presolana ITA"]
[Date "2008.08.25"]
[Round "3"]
[White "Raselli, Claudio"]
[Black "Roversi, Stefano"]
[Result "1-0"]
[WhiteElo "1962"]
[BlackElo "1840"]
[PlyCount "74"]
[EventDate "2008.08.23"]

1. d4 Nf6 2. Bg5 e6 3. e4 Be7 4. Bd3 c5 5. dxc5 Qa5+ 6. Qd2 Qxc5 7. Nf3 Nc6 8.
Be3 Qh5 9. Nc3 d5 10. O-O O-O 11. exd5 exd5 12. Bf4 Be6 13. Rfe1 d4 14. Ne2 Bb4
15. c3 dxc3 16. bxc3 Ba5 17. Ned4 Nxd4 18. Nxd4 Rac8 19. Rac1 Bc4 20. Bxc4 Rxc4
21. Re5 Rxd4 22. Qxd4 Bb6 23. Rxh5 Bxd4 24. Rb5 Bb6 25. c4 Re8 26. c5 Nd5 27.
Be3 Nc7 28. Rbb1 Ba5 29. Rxb7 a6 30. Rd1 Ne6 31. g3 Rc8 32. Rdd7 h6 33. Rxf7
Nxc5 34. Rxg7+ Kf8 35. Rbf7+ Ke8 36. Ra7 Ne6 37. Rge7+ Kd8 1-0

[Event "XXVIII Festival Conca della Presolana 1N"]
[Site "Bratto - Castione della Presolana ITA"]
[Date "2008.08.25"]
[Round "3"]
[White "Regorda, Vittorio"]
[Black "Bonoldi, Fabio"]
[Result "1/2-1/2"]
[WhiteElo "1859"]
[BlackElo "1902"]
[PlyCount "57"]
[EventDate "2008.08.23"]

1. d4 g6 2. c4 Bg7 3. Nc3 d6 4. e4 Nc6 5. Be3 e5 6. d5 Nce7 7. Bd3 f5 8. exf5
Nxf5 9. Nf3 Nxe3 10. fxe3 Nh6 11. O-O O-O 12. Qe2 Qe7 13. e4 Bd7 14. h3 Nf7 15.
Rae1 Bh6 16. Nd1 Ng5 17. Nh2 c6 18. Ne3 Bg7 19. Rxf8+ Rxf8 20. Rf1 Rf4 21. Neg4
Rxf1+ 22. Kxf1 h5 23. Nf2 Qf6 24. h4 Nf7 25. g3 cxd5 26. cxd5 Qd8 27. Kg2 Bh6
28. Nf3 a6 29. Nh3 1/2-1/2

[Event "XXVIII Festival Conca della Presolana 1N"]
[Site "Bratto - Castione della Presolana ITA"]
[Date "2008.08.25"]
[Round "3"]
[White "Romano, Zeno"]
[Black "Melone, Antonio"]
[Result "1/2-1/2"]
[WhiteElo "1948"]
[BlackElo "1718"]
[PlyCount "92"]
[EventDate "2008.08.23"]

1. e4 c6 2. d4 d5 3. Nc3 dxe4 4. Nxe4 Nd7 5. Nf3 Ngf6 6. Ng3 e6 7. Bd3 Bd6 8.
O-O Qc7 9. Re1 g6 10. c4 b6 11. Bd2 Bb7 12. Bc3 O-O-O 13. b4 h5 14. Nf1 Bf4 15.
c5 Nd5 16. cxb6 axb6 17. Bd2 Bd6 18. Qb3 e5 19. Rac1 Rde8 20. dxe5 Bxe5 21.
Nxe5 Rxe5 22. Be4 N7f6 23. Bxd5 Rxe1 24. Bxe1 Nxd5 25. f3 f5 26. Bf2 Re8 27.
Ne3 Nxe3 28. Bxe3 f4 29. Bf2 Kb8 30. a4 Qd8 31. Rd1 Qc7 32. Qd3 Rg8 33. Qd4 c5
34. bxc5 bxc5 35. Qxc5 Qxc5 36. Bxc5 g5 37. Bb6 g4 38. Kf2 Bc6 39. a5 Kb7 40.
Rd4 Rf8 41. Rd8 Rf5 42. Rg8 Rb5 43. Rg7+ Ka8 44. Re7 Rb2+ 45. Re2 Rb5 46. Rc2
Bb7 1/2-1/2

[Event "XXVIII Festival Conca della Presolana 1N"]
[Site "Bratto - Castione della Presolana ITA"]
[Date "2008.08.25"]
[Round "3"]
[White "Rossini, Luca"]
[Black "Saracco, Marco"]
[Result "0-1"]
[WhiteElo "1785"]
[BlackElo "1939"]
[PlyCount "100"]
[EventDate "2008.08.23"]

1. d4 d5 2. c4 e6 3. Nc3 Be7 4. e3 Nf6 5. Nf3 O-O 6. Bd3 c5 7. O-O dxc4 8. Bxc4
Nc6 9. Re1 a6 10. a4 b6 11. b3 Bb7 12. Re2 Qc7 13. Rd2 cxd4 14. Nxd4 Ne5 15.
Qe2 Nxc4 16. Qxc4 Qxc4 17. bxc4 Rac8 18. Nde2 Rxc4 19. Rb1 Bb4 20. Rxb4 Rxb4
21. Ba3 Rb3 22. Bxf8 Kxf8 23. f3 Ke7 24. Kf2 Rb4 25. e4 Nd7 26. g4 Nc5 27. Rd4
Rxd4 28. Nxd4 Kd7 29. Ke3 Bc6 30. Nxc6 Kxc6 31. h4 b5 32. axb5+ axb5 33. f4 b4
34. Nb1 Kb5 35. f5 Kc4 36. g5 g6 37. fxg6 fxg6 38. e5 Na4 39. Kd2 Nc3 40. Nxc3
bxc3+ 41. Kc2 Kd4 42. Kc1 Kxe5 43. Kc2 Kd4 44. Kc1 Kd3 45. Kd1 c2+ 46. Kc1 e5
47. h5 gxh5 48. g6 hxg6 49. Kb2 Kd2 50. Kb3 c1=Q 0-1

[Event "XXVIII Festival Conca della Presolana 1N"]
[Site "Bratto - Castione della Presolana ITA"]
[Date "2008.08.25"]
[Round "3"]
[White "Rota, Simone"]
[Black "Rossetti, Alberto"]
[Result "0-1"]
[WhiteElo "1834"]
[BlackElo "1689"]
[PlyCount "108"]
[EventDate "2008.08.23"]

1. d4 Nf6 2. c4 e6 3. Nf3 b6 4. g3 Bb7 5. Bg2 Be7 6. O-O O-O 7. Nc3 d5 8. cxd5
Nxd5 9. Re1 Nxc3 10. bxc3 c5 11. Bb2 Qc7 12. Rc1 Rd8 13. Qc2 Nc6 14. dxc5 bxc5
15. Nd2 Ne5 16. Bxb7 Qxb7 17. c4 Nc6 18. Bc3 Nd4 19. Qa4 Qc6 20. Qxc6 Nxc6 21.
Rb1 Rab8 22. Red1 Nd4 23. Kf1 f6 24. e3 Nc2 25. Ke2 Nb4 26. a4 Kf7 27. Nb3 Ke8
28. Na5 Rxd1 29. Rxd1 Rd8 30. Rxd8+ Kxd8 31. Bxb4 cxb4 32. Nc6+ Kd7 33. Nxa7
Kc7 34. Kd3 Bc5 35. Nb5+ Kb6 36. Kc2 e5 37. Kb3 h5 38. h3 g5 39. a5+ Kxa5 40.
Nc7 f5 41. Nd5 f4 42. exf4 exf4 43. gxf4 g4 44. hxg4 h4 45. Nf6 h3 46. Ne4 h2
47. Ng3 Bxf2 48. Nh1 Be3 49. f5 Bg5 50. c5 Kb5 51. c6 Kxc6 52. Kxb4 Kd5 53. Kc3
Ke4 54. Kc2 Kf3 0-1

[Event "XXVIII Festival Conca della Presolana 1N"]
[Site "Bratto - Castione della Presolana ITA"]
[Date "2008.08.25"]
[Round "3"]
[White "Rozzoni, Davide"]
[Black "Pitrola, Carlo"]
[Result "1-0"]
[WhiteElo "1861"]
[BlackElo "1837"]
[PlyCount "63"]
[EventDate "2008.08.23"]

1. b3 d5 2. Bb2 Bf5 3. e3 e6 4. Ne2 Nf6 5. d3 Nbd7 6. Nd2 Bd6 7. g3 O-O 8. Bg2
c6 9. O-O Re8 10. Nf3 h6 11. h3 e5 12. g4 Bh7 13. Qd2 e4 14. Nfd4 Ne5 15. Nf5
Bxf5 16. gxf5 exd3 17. cxd3 Nh7 18. f4 Nd7 19. Qc3 f6 20. e4 dxe4 21. dxe4 Nc5
22. e5 fxe5 23. fxe5 Bxe5 24. Qc4+ Kh8 25. Bxe5 Rxe5 26. Nf4 Nf6 27. Ng6+ Kh7
28. Nxe5 Qb6 29. Kh1 Re8 30. Rae1 Nh5 31. Qg4 Ne4 32. Rxe4 1-0

[Event "XXVIII Festival Conca della Presolana 1N"]
[Site "Bratto - Castione della Presolana ITA"]
[Date "2008.08.25"]
[Round "3"]
[White "Saccani, Ettore"]
[Black "Sala, Marcello"]
[Result "1-0"]
[WhiteElo "1873"]
[BlackElo "1831"]
[PlyCount "67"]
[EventDate "2008.08.23"]

1. e4 c5 2. Nf3 a6 3. c3 d5 4. exd5 Qxd5 5. d4 e6 6. Be2 Nf6 7. O-O Nc6 8. h3
b5 9. Be3 cxd4 10. Nxd4 Bb7 11. Bf3 Qd7 12. Nxc6 Bxc6 13. Qxd7+ Kxd7 14. Rd1+
Nd5 15. c4 bxc4 16. Nc3 Rb8 17. Nxd5 exd5 18. Bxd5 Bxd5 19. Rxd5+ Ke6 20. Ra5
Ra8 21. Rc1 Bb4 22. Ra4 a5 23. a3 Bd6 24. Raxc4 Rhb8 25. Bd4 f6 26. Bc3 Rb3 27.
Re1+ Kd5 28. Rd4+ Kc5 29. Red1 Rd8 30. g3 Kc6 31. Bxa5 Rd7 32. Bb4 Rxb4 33.
axb4 Rd8 34. b5+ 1-0

[Event "XXVIII Festival Conca della Presolana 1N"]
[Site "Bratto - Castione della Presolana ITA"]
[Date "2008.08.25"]
[Round "3"]
[White "Sala, Giovanni"]
[Black "De Bortoli, Thomas"]
[Result "1/2-1/2"]
[WhiteElo "1970"]
[BlackElo "1805"]
[PlyCount "38"]
[EventDate "2008.08.23"]

1. c4 c5 2. Nf3 Nc6 3. g3 g6 4. Bg2 Bg7 5. Nc3 f5 6. O-O e5 7. d3 d6 8. Ne1 Nf6
9. Nc2 O-O 10. Ne3 Rb8 11. Rb1 Ne7 12. Ned5 Nfxd5 13. Nxd5 h6 14. b4 b6 15. e3
Bb7 16. Nxe7+ Qxe7 17. Bxb7 Rxb7 18. b5 g5 19. f3 Qe6 1/2-1/2

[Event "XXVIII Festival Conca della Presolana 1N"]
[Site "Bratto - Castione della Presolana ITA"]
[Date "2008.08.25"]
[Round "3"]
[White "Viglino, Antonio"]
[Black "Carbone, Lorenzo"]
[Result "1-0"]
[WhiteElo "1862"]
[BlackElo "1767"]
[PlyCount "71"]
[EventDate "2008.08.23"]

1. d4 d5 2. Nf3 Nf6 3. c4 e6 4. g3 Be7 5. Bg2 O-O 6. O-O c5 7. dxc5 Bxc5 8. a3
Nc6 9. b4 Be7 10. Nbd2 b6 11. Bb2 Bb7 12. Qc2 Rc8 13. Rfd1 Qc7 14. Rac1 a6 15.
cxd5 exd5 16. Ne5 Qb8 17. Nxc6 Rxc6 18. Qd3 Rxc1 19. Rxc1 Re8 20. e3 b5 21. Nb3
Ne4 22. Nd4 Bf6 23. Bh3 Ng5 24. Bd7 Re4 25. Bf5 Bxd4 26. Bxd4 Re8 27. Qc3 Nf3+
28. Kg2 Nxd4 29. exd4 g6 30. Bh3 f5 31. Qc7 Qa8 32. Qd7 Rd8 33. Qe6+ Kg7 34.
Rc7+ Kh6 35. Qe3+ g5 36. Qe6+ 1-0

[Event "XXVIII Festival Conca della Presolana 1N"]
[Site "Bratto - Castione della Presolana ITA"]
[Date "2008.08.26"]
[Round "4"]
[White "Acunzo, Domenico"]
[Black "Crimi, Alessandro"]
[Result "1-0"]
[WhiteElo "1787"]
[BlackElo "1904"]
[PlyCount "67"]
[EventDate "2008.08.23"]

1. e4 c5 2. Nf3 e6 3. d4 cxd4 4. Nxd4 Nf6 5. Nc3 d6 6. Bd3 Nc6 7. Nb3 Be7 8.
O-O O-O 9. Kh1 d5 10. f3 d4 11. Ne2 e5 12. f4 exf4 13. Bxf4 Nh5 14. Bd2 Bg4 15.
Qc1 Ne5 16. Nf4 Rc8 17. Qe1 Bh4 18. g3 Nf3 19. Qf2 Nxh2 20. gxh4 Nf3 21. Nxh5
Bxh5 22. Qg3 Nxd2 23. Nxd2 Rc6 24. e5 Rh6 25. Rf4 Qa5 26. Nf3 Kh8 27. a3 Qd5
28. Kg1 Rg8 29. Kf2 Qa5 30. b4 Qc7 31. Re1 Qc3 32. Ng5 Qd2+ 33. Re2 Bxe2 34.
Nxf7# 1-0